| 000 | 01068nam0a22003131 4500 | ||
|---|---|---|---|
| 001 | v19\rc\1764198 | ||
| 005 | 20260422151552.0 | ||
| 035 | _a(NLR Aleph) 004890957 | ||
| 090 |
_a5270599 _c5270599 |
||
| 100 | _a20061204d1903 u y0rusy50 ca | ||
| 101 | 0 | _arus | |
| 102 | _aRU | ||
| 105 | _ay z |||a| | ||
| 200 | 1 |
_aОгоньки _eСб. рассказов, оригинальных и переводных |
|
| 210 |
_a[Одесса] _cГ.Н. Карант _d1903 |
||
| 215 |
_a96 с. _d18 |
||
| 300 | _aПеред загл. псевд. авт.: К.Н. Воинов | ||
| 532 | 1 | 3 | _aОгоньки |
| 700 | 1 |
_7ca _8rus _aНовиков _bН. Н. _cд-р философии, писатель, публицист _f1864- _gНиколай Николаевич _92705647 _3RU\NLR\AUTH\770292494 |
|
| 790 | 1 |
_aВоинов _bК.Н. _f1864- |
|
| 801 | 0 |
_aRU _bNLR _gpsbo |
|
| 801 | 0 |
_aRU _bRuMoRGB _2psbo |
|
| 801 | 1 |
_aRU _bProSoft-M _2rusmarc |
|
| 852 |
_aNLR _j34.83.3.415 |
||
| 899 |
_aRuMoRGB _jF 63/436 |
||
| 899 | _aБАН | ||
| 942 | _cBOOK | ||
| 980 | _aNB | ||